Quizzes
Events
Quiz Creation
Community
Videos
Private Events
Remove Ads
Sign In
Join for FREE
Feedback
Dark Mode
Quiz Categories
Sports
Geography
Music
Movies
Television
Just For Fun
Miscellaneous
History
Literature
Language
Science
Gaming
Entertainment
Religion
Holiday
For Kids
Quiz Lab
Recent
Popular Today
Quiz Kudos Today
Editor Picks
Curator Picks
Quizzes by...
Day
Popularity
Type
Ratings
Length
Year
Community
Subscriptions
Recent Discussions
Orange Saloon
Badges
Playlists
Quests
Create
Leaderboards
Showdown
Live 5
Trivia Bingo
Activity
Puzzle Library
Sporcle Events
Private Events
Virtual Trivia
Globe League
Become a Host
Pub Owners
SporcleCon
Opinionation
Our Games
Videos
Blog
Mobile Apps
Partnerships
Remove Ads and Go Orange
Feedback
Music
Pop Music
The Beatles
Song
Album
Lyrics
Bands
Singers
Artist
Clip
Rock
Rap
Classical
Billboard
Country Music
Kpop
Taylor Swift
Music
Pop Music
The Beatles
Song
Album
Lyrics
Bands
Singers
Artist
Clip
Rock
Rap
Classical
Billboard
Country Music
Kpop
Taylor Swift
Random Quiz
Search Sporcle
×
Quiz Lab
Quiz Lab
Music
Famous
Type in answers that appear in a list
Type in answers that appear in a list
Classic
Best Score? Go Orange.
Jazz Saxophonists Stats
Can you name the Jazz Saxophonists?
By
hydizzle
3m
13 Questions
456 Plays
456 Plays
456 Plays
Comments
Comments
Give Quiz Kudos
Give Quiz Kudos
-
- Ratings
hide this ad
More Info
Forced Order
Answers have to be entered in order
Answers have to be entered in order
Replay
Link that replays current quiz
Next Quiz
Link to next quiz in quiz playlist
You Got
0%
They Got
Avg Score
65%
Avg Friend Score
Upgrade to see
Score Distribution
Jump to the score distribution portion of the page
Score
0/13
Timer
03:00
0
Plays Today
Hint
Saxophonist
% Correct
Where contemporaries stuck to a melodic line in improvisation, he created 'sheets of sound'
John Coltrane
95%
Tragically died at 34, has a famous NYC jazz club named in his honor
Charlie Parker
87.5%
Composed 'St. Thomas' and 'Oleo,' among others
Sonny Rollins
85.5%
Also called Bean and Hawk
Coleman Hawkins
85.3%
With Charlie Byrd, popularized bossa nova in 1962
Stan Getz
82.5%
Played in Miles Davis' band, has a famous brother Nat
Cannonball Adderley
79.4%
Played tenor in Count Basie's orchestra, dubbed 'Prez' by Billie Holiday
Lester Young
68.4%
Famous baritone sax player
Gerry Mulligan
64.9%
Often called the Sophisticated Giant, he stood six and a half feet tall.
Dexter Gordon
62.7%
Played alto in Duke Ellington's orchestra, briefly led his own band
Johnny Hodges
43.2%
Played tenor in Duke Ellington's band, had signature raspy tone
Ben Webster
40.8%
Had Cameo role in Spielberg's The Terminal
Benny Golson
30.9%
A sort of musical renaissance man, he also played the trumpet
Benny Carter
19.1%
Quiz Playlist
Details
Report
Send in Message
Add To Playlist
More Info:
The saxiest men of all time.
Classic:
Type in answers that appear in a list
Forced Order:
Answers have to be entered in order
Last Updated: Feb 16, 2017
Quiz Scoreboard
CHALLENGE
Sign Up to Join the Scoreboard
Show All
Scores
Hide
Comments
May contain spoilers
Recently Published
College Basketball Coaching Resumes
by pancakes188
Sports
9m
Billboard Blitz: Fleetwood Mac
by CooCooCachoo
Music
15s
Presidents Visiting Landmarks
by Hejman
History
7m
More to Explore
Quiz From the Vault
Featured Blog Post
Where Did the Easter Bunny Come From?
hide this ad
You Might Also Like...
Tags
Famous Quiz
Jazz
Jazz Saxophonists
Saxophonist
Today's Top Quizzes in Music
Browse Music
hide this ad
Today's Top Quizzes in Famous
Browse Famous
Top Contributed Quizzes in Music
1
Taylor Swift All Songs (2024)
2
Guess the Artist- 70s Songs
3
7-to-1: Billboard Hot 100 #1 Hits of 2010s
4
Sorting Albums and Songs
5
Taylor Swift Logic Puzzle
6
KPOP LOGIC QUIZ
7
One Thing in Common: Music
8
Guess the Taylor Swift song (Mystery Song)
9
2010s Album by Cover III
10
Guess The Taylor Swift Lyrics Song #1
Explore More
Trending Topics
NBA
Crossword
Marvel
Disney
Harry Potter
Anime
Kpop
Song
NFL
Soccer
Pokémon
WWE
Country
The Office
Puzzle
hide this ad
More By:
hydizzle
Quiz
Plays
Rating
Category
Featured
Created
Jazz Saxophonists
456
5.00
Music
Mar 16, 2010
Go to Creator's Profile
Score Distribution
Quiz Creator Spotlight
hydizzle
Follow
Send a Message
Quizzes Created
-
Created Quiz Play Count
-
More By This Creator
Popular Quizzes Today
1
Find the US States - No Outlines Minefield
2
Find the Countries of Europe - No Outlines Minefield
3
The Countries of the World
4
Find the US States
5
Risky Map Clicking: Biggest States A-Z
6
US States
7
Popular People in 1961
8
Movies - When Are They Set?
More Music Quizzes
Taylor Swift Album Sorting IX
Quiz Lab
Trending Quizzes
Risky Map Clicking: Least Populous States A-Z
1-10 Letter G Words
1-10 Letter F Words
Risky Map Clicking: Next State Alphabetically
Risky Map Clicking: Biggest States A-Z
Recently Updated
Leaping Animals
pecheneg
Reality TV Shows (A-Z)
bhenderson79
Rickey Henderson's Hall of Fame Teammates
pecheneg
Champions League XIs: Arsenal
pecheneg
Quick Pick: Celebrities in WWE's Hall of Fame
aduchscher
A-Z Keypad Blitz II
pecheneg
Multiple Oscar Actors
pecheneg
Mystery Phrase Blitz: Oscar 'Best Actors'
pecheneg
F. Scott Fitzgerald Novels
LTH
Pick 3 Villains
ddd62291
Trending Topics
Kpop
Marvel
Crossword
Disney
Anime
NBA
Harry Potter
Soccer
Country
Song
WWE
Puzzle
The Office
Pokémon
NFL
Your Account Isn't Verified!
In order to create a playlist on Sporcle, you need to verify the email address you used during registration. Go to your
Sporcle Settings
to finish the process.
Report this User
Report this user for behavior that violates our
Community Guidelines
.
Details:
Send Report
Go to the Sporcle.com Mobile Site →
Comments